| 000 | 00547nam a2200157 4500 | ||
|---|---|---|---|
| 001 | 124286 | ||
| 003 | ES-MaACL | ||
| 005 | 20230906192349.0 | ||
| 007 | t| | ||
| 008 | 070214s1968 sp r ||||1| spa d | ||
| 245 | 0 | 0 |
_aReforma y expansión universitaria _b: resumen del informe-consulta y bases para la reforma de la ordenación universitaria. |
| 260 |
_aMadrid : _bSindicato Nacional de Enseñanza, _c1968. |
||
| 300 |
_a183 p. ; _c21 cm. |
||
| 710 | 2 |
_aSindicato Nacional de Enseñanza (España) _96605 |
|
| 852 |
_aES-MaACL _jC-35420 _bR.68741 |
||
| 999 |
_c124286 _d124286 |
||